Geometría analítica
Uloženo v:
| Hlavní autoři: | , |
|---|---|
| Médium: | Kniha |
| Jazyk: | španělština |
| Vydáno: |
Ciudad de México
McGraw Hill Interamericana
2000
|
| Témata: | |
| Tagy: |
Přidat tag
Žádné tagy, Buďte první, kdo vytvoří štítek k tomuto záznamu!
|
MARC
| LEADER | 00000nam a2200000 a 4500 | ||
|---|---|---|---|
| 001 | UCM6713 | ||
| 003 | CL-VaPUC | ||
| 008 | 021122e20000000MX |||||||||||||||||spa|d | ||
| 082 | 0 | 4 | |a 516.3 |b RIV |2 21 |
| 100 | 0 | |a Rivera Rivas, Humberto |e author |9 472512 | |
| 700 | 0 | |a Ponce Vázquez, Rosa Elena |e author |9 472513 | |
| 245 | 1 | 0 | |a Geometría analítica |
| 300 | |a 139 p | ||
| 942 | |c BK | ||
| 945 | |d 20021122 00:00:00 |a vberengu | ||
| 260 | |a Ciudad de México |b McGraw Hill Interamericana |c 2000 | ||
| 650 | 0 | |a Trigonometría |9 259568 | |
| 650 | 7 | |a CIRCUNFERENCIA |2 CL-VaPUC |9 380049 | |
| 650 | 7 | |a CONICAS |2 CL-VaPUC |9 426812 | |
| 650 | 0 | |a Rectas |9 432612 | |
| 583 | |a last modification |c 20021122 00:00:00 |k Rodrigo Vera | ||
| 999 | |c 301945 |d 301943 | ||
| 952 | |0 0 |1 0 |4 0 |6 516_300000000000000_RIV_2000 |7 0 |8 A |9 361870 |a BIBMAT |b BIBMAT |d 2019-11-21 |i 3863034 |o 516.3 RIV 2000 |p 3863034 |r 2025-01-07 |w 2019-11-21 |y BK |k MAT | ||
| 952 | |0 0 |1 0 |4 0 |6 516_300000000000000_RIV_2000 |7 0 |8 A |9 361871 |a BIBMAT |b BIBMAT |d 2019-11-21 |i 3863042 |o 516.3 RIV 2000 |p 3863042 |r 2025-01-07 |w 2019-11-21 |y BK |k MAT | ||